000 00981nmc a2200349 a 4500
003 AR-BaBNM
005 20251128211254.0
008 243020s1998 ||||||||||||||000 | spa||
020 _a987-96466-2-2
040 _cAR-BaBNM
100 1 _aCalmels, Daniel
245 1 0 _aEspacio habitado
_ben la vida cotidiana y la práctica psicomotriz
250 _a2ª ed.
260 _aBuenos Aires
_bD&B
_c1998
300 0 _a77 p.
_bil., tablas
490 0 _aCapítulos de psicomotricidad
500 0 _aNotas en p. 79
504 _aContiene referencias bibliográficas a pie de página
600 1 4 _aMerleau-Ponty, Maurice
650 4 _aPSICOMOTRICIDAD
650 4 _aESPACIO
650 4 _aRELACION CUERPO-MENTE
650 4 _aMOVIMIENTOS CORPORALES
650 4 _aPSICOLOGIA DEL COMPORTAMIENTO
650 4 _aDESARROLLO MOTOR
650 4 _aSENTIDOS
650 4 _aSALUD MENTAL
650 4 _aDESARROLLO MOTOR
650 4 _aPERCEPCION
942 _cBK
998 _cEugenia
999 _c18944
_d18944